Triết học thực tiễn T.1 T.1

সংরক্ষণ করুন:
গ্রন্থ-পঞ্জীর বিবরন
প্রধান লেখক: Lê Thanh Sinh, TS
বিন্যাস: গ্রন্থ
প্রকাশিত: Nxb Tp.HCM 2002
ট্যাগগুলো: ট্যাগ যুক্ত করুন
কোনো ট্যাগ নেই, প্রথমজন হিসাবে ট্যাগ করুন!
Thư viện lưu trữ: Mạng thư viện Đại học Đà Nẵng
LEADER 00551nam a2200229 a 4500
001 000029568
003 14081
005 20171030145630.0
008 171030s2002
020 |c 45000 
040 |a LTT 
082 0 |a 335.43  |b LÊ-S 
100 1 |a Lê Thanh Sinh, TS 
245 0 0 |a Triết học thực tiễn T.1  |c Lê Thanh Sinh.  |n T.1 
260 |b Nxb Tp.HCM  |c 2002 
OWN |a LTT 
999 |a From the UDN01 
TYP |a Monograph 
TYP |a Printed language 
980 |a Mạng thư viện Đại học Đà Nẵng